Sports Quiz

Random Sports or Baseball Quiz

NL Cy Young Winners (1985-2012) Quiz Stats

Quiz not verified by Sporcle

Challenge
Share
Tweet
Embed
Score 0/20 Timer 05:00
0 Plays Today
% Correct
Greg Maddux
98.3%
Randy Johnson
96.4%
Clayton Kershaw
94.6%
Tim Lincecum
94.5%
Roy Halladay
92%
John Smoltz
90.9%
Chris Carpenter
89.7%
Brandon Webb
89.7%
Tom Glavine
89.6%
Dwight Gooden
89.5%
% Correct
Eric Gagne
88.3%
R.A. Dickey
88.2%
Jake Peavy
87.3%
Orel Hershiser
87.3%
Roger Clemens
82.4%
Pedro Martinez
75.2%
Doug Drabek
66%
Mike Scott
53%
Mark Davis
39.6%
Steve Bedrosian
37%

You're not logged in!

Compare scores with friends on all Sporcle quizzes.
Join for Free
OR
Log In

You Might Also Like...

Show Comments

Extras

Top Quizzes Today


Score Distribution

Your Account Isn't Verified!

In order to create a playlist on Sporcle, you need to verify the email address you used during registration. Go to your Sporcle Settings to finish the process.

Report this User

Report this user for behavior that violates our Community Guidelines.

Details: